Лингвистический семинар. Вып.4: 2008 (Запись № 3505364)

Подробности
000 -МАРКЕР
контрольное поле 01290nam2a22002531 4500
001 - ИДЕНТИФИКАТОР ЗАПИСИ
контрольное поле RU\NLR\Per\658099
005 - ИДЕНТИФИКАТОР ВЕРСИИ
контрольное поле 20260407215641.0
035 ## - ДРУГИЕ СИСТЕМНЫЕ НОМЕРА
Идентификатор записи (NLR Aleph) 002907179
100 ## - ДАННЫЕ ОБЩЕЙ ОБРАБОТКИ
Данные общей обработки 20100211d2008 |||y0rusy50 ca
101 0# - ЯЗЫК РЕСУРСА
Язык текста, звукозаписи и т.д. русский
102 ## - СТРАНА ПУБЛИКАЦИИ ИЛИ ПРОИЗВОДСТВА
Страна публикации Российская Федерация
105 ## - ПОЛЕ КОДИРОВАННЫХ ДАННЫХ: ТЕКСТОВЫЕ МАТЕРИАЛЫ, МОНОГРАФИЧЕСКИЕ
Кодированные данные о монографическом текстовом документе y |||||||||
200 1# - ЗАГЛАВИЕ И СВЕДЕНИЯ ОБ ОТВЕТСТВЕННОСТИ
Основное заглавие 2008
Сведения, относящиеся к заглавию материалы Международной интернет-конференции, 14-16 октября 2008 года
210 ## - ПУБЛИКАЦИЯ, РАСПРОСТРАНЕНИЕ И ДР.
Дата издания, распространения и т.д. 2008
Место издания, распространения и т.д. Б. м.
461 #0 - УРОВЕНЬ НАБОРА
Встроенное поле 001RU\NLR\INFOCOMM7\1000023380
-- 2001#$aЛингвистический семинар$eМежвуз. сб. науч. ст.$fРос. гос. пед. ун-т им. А.И. Герцена, Бир. гос. пед. ин-т$vВып.4
Системный номер (АБИС) связанной записи 2605018
Место публикации СПб.
Дата публикации 1996-
Первые сведения об ответственности Рос. гос. пед. ун-т им. А.И. Герцена, Бир. гос. пед. ин-т
Имя издателя, распространителя и т.д. БирГПИ
Сведения, относящиеся к заглавию Межвуз. сб. науч. ст.
Заглавие Лингвистический семинар
Номер тома Вып.4
711 12 - НАИМЕНОВАНИЕ ОРГАНИЗАЦИИ - АЛЬТЕРНАТИВНАЯ ОТВЕТСТВЕННОСТЬ
Начальный элемент ввода "Лингвистический семинар - 2008", международная интернет-конференция
Место проведения временной организации Уфа
Идентификатор авторитетной/нормативной записи RU\NLR\AUTH\8810145706
Системный номер авторитетной/нормативной записи 785726
801 #1 - ИСТОЧНИК ЗАПИСИ
Страна Российская Федерация
Организация InfoComm
Дата составления 20040420
801 #0 - ИСТОЧНИК ЗАПИСИ
Страна Российская Федерация
Организация NLR
Правила каталогизации PSBO
852 ## - МЕСТОНАХОЖДЕНИЕ И ШИФР ХРАНЕНИЯ
Идентификатор организации NLR
Шифр хранения (Call Number) П34/1486
942 ## - ДОПОЛНИТЕЛЬНЫЕ ЭЛЕМЕНТЫ ЗАПИСИ (АБИС)
Тип экземпляра АБИС Выпуск
980 ## - КОЛЛЕКЦИЯ
Название коллекции Национальная библиография
980 ## - КОЛЛЕКЦИЯ
Название коллекции Русская периодика

Нет доступных экземпляров.